WW2 equipment - Statistics

General Stats
  • This quiz has been taken 110 times
  • The average score is 13 of 15
Answer Stats
Hint Country % Correct
M4 Sherman United States
99%
Junkers Ju 87 (Stuka) Germany
97%
Messerschmitt Me 262 Germany
94%
M1 Garand United States
94%
Supermarine Spitfire United Kingdom
93%
Tiger I Germany
91%
MG 42 Germany
90%
Mitsubishi A6M Zero Japan
90%
Mosin-Nagant Soviet Union
90%
T34 Soviet Union
90%
B-17 Flying Fortress United States
89%
U35 Submarine Germany
85%
Katyusha rocket launcher Soviet Union
83%
Suomi KP/-31 Finland
70%
Char B1 France
68%
No matching quizzes found
Score Distribution
Percent of People with Each Score
Percentile by Number Answered
Your Score History
You have not taken this quiz